Daňová a odvodová politika štátu diplomová práca

Guardado en:
Detalles Bibliográficos
Autor principal: Puch, Michal
Autor Corporativo: Národohospodárska fakulta EU. Katedra financií
Otros Autores: Schultzová, Anna
Formato: Libro
Lenguaje:eslovaco
Publicado: Bratislava 2010
Etiquetas: Agregar Etiqueta
Sin Etiquetas, Sea el primero en etiquetar este registro!

MARC

LEADER 00000nam$a2200000$$$4500
001 0119021
005 20240318121917.5
041 0 |a slo 
044 |a SK 
245 1 0 |a Daňová a odvodová politika štátu  |b diplomová práca  |c Michal Puch ; škol. Anna Schultzová 
264 1 |a Bratislava  |c 2010 
300 |a 89 s. 
100 1 |a Puch, Michal 
700 1 |a Schultzová, Anna 
710 2 |a Národohospodárska fakulta EU. Katedra financií